Vývoj slovenskej ekonomiky v rokoch 2008 a 2009 z pohľadu input-output analýzy

Priame a nepriame väzby jednotlivých odvetví na domáci a zahraničný dopyt, ako aj vplyv zmien v štruktúre konečného dopytu na slovenskú ekonomiku. Pri analýze zmien v produkcii, pridanej hodnote a zamestnanosti medzi rokmi 2008 a 2009 bol využívaný otvorený statický Leontiefov model a metóda štruktú...

Ausführliche Beschreibung

Gespeichert in:
Bibliographische Detailangaben
1. Verfasser: Lábaj, Martin, 1982-
Format: Buchkapitel
Sprache:Slowakisch
Schlagworte:
Tags: Tag hinzufügen
Keine Tags, Fügen Sie das erste Tag hinzu!

MARC

LEADER 00000naa a2200000 4500
001 0182028
005 20240502073123.3
041 0 |a slo 
044 |a SK 
245 1 0 |a Vývoj slovenskej ekonomiky v rokoch 2008 a 2009 z pohľadu input-output analýzy  |c Martin Lábaj 
520 |a Priame a nepriame väzby jednotlivých odvetví na domáci a zahraničný dopyt, ako aj vplyv zmien v štruktúre konečného dopytu na slovenskú ekonomiku. Pri analýze zmien v produkcii, pridanej hodnote a zamestnanosti medzi rokmi 2008 a 2009 bol využívaný otvorený statický Leontiefov model a metóda štruktúrnej dekompozície. Zmeny v týchto premenných boli rozložené na príspevky zmien v priamych koeficientoch, v štruktúre produkcie, v štruktúre konečného dopytu, v sektorovej štruktúre konečného dopytu a zmien v objeme konečného dopytu. 
610 2 0 |a input-output 
610 2 0 |a Slovensko 
610 2 0 |a politika hospodárska 
610 2 0 |a vývoj hospodársky 
610 2 0 |a výkonnosť ekonomiky 
100 1 |a Lábaj, Martin, 1982-